[Event "EU-ch Online U2300 Final"]
[Site "Chess.com INT"]
[Date "2020.05.26"]
[Round "1"]
[White "Ghukasyan, Siranush"]
[Black "Upero, Jussi"]
[Result "1-0"]
[WhiteElo "2222"]
[BlackElo "2176"]
[PlyCount "45"]
[EventDate "2020.05.26"]
[EventType "swiss"]
[EventRounds "8"]
[EventCountry "NET"]
[SourceTitle "CBM 196 Extra"]
[Source "ChessBase"]
[SourceDate "2020.07.31"]
[SourceVersion "1"]
[SourceVersionDate "2020.07.31"]
[SourceQuality "1"]

1. e4 e5 2. Nf3 Nc6 3. Bb5 a6 4. Ba4 Nf6 5. d4 exd4 6. e5 Ne4 7. 0-0 Nc5 8. Bb3 Be7 9. Nxd4 Nxd4 10. Qxd4 Nxb3 11. axb3 0-0 12. Bf4 d5 13. exd6 cxd6 14. Nc3 Bf5 15. Qd2 Rc8 16. Rac1 Rc6 17. Nd5 Bf6 18. c3 Be4 19. Rcd1 Be5 20. Nb4 Rc8 21. Bxe5 dxe5 22. Qe3 Qh4 23. g3 1-0

[Event "EU-ch Online U2300 Final"]
[Site "Chess.com INT"]
[Date "2020.05.26"]
[Round "7"]
[White "Ivanisvili, Andrejs"]
[Black "Upero, Jussi"]
[Result "0-1"]
[WhiteElo "2233"]
[BlackElo "2176"]
[PlyCount "70"]
[EventDate "2020.05.26"]
[EventType "swiss"]
[EventRounds "8"]
[EventCountry "NET"]
[SourceTitle "CBM 196 Extra"]
[Source "ChessBase"]
[SourceDate "2020.07.31"]
[SourceVersion "1"]
[SourceVersionDate "2020.07.31"]
[SourceQuality "1"]

1. d4 d5 2. Nf3 e6 3. c4 c6 4. Nc3 dxc4 5. e3 b5 6. a4 Bb4 7. Bd2 a5 8. axb5 Bxc3 9. Bxc3 cxb5 10. b3 Bb7 11. bxc4 b4 12. Bd2 Nf6 13. Be2 0-0 14. 0-0 Nbd7 15. Qb3 e5 16. Rfd1 exd4 17. exd4 Re8 18. Bf1 Ne4 19. Be1 Ra6 20. c5 Rg6 21. Rd3 Qf6 22. Rxa5 Nc3 23. Bxc3 Bxf3 24. Bxb4 Be4 25. Rd1 Qg5 26. Qh3 Nf6 27. Bd2 Qd5 28. Be3 Bf5 29. Bc4 Bxh3 30. Bxd5 Nxd5 31. g3 Rge6 32. Rd3 f5 33. Raa3 f4 34. Bd2 Re1+ 35. Bxe1 Rxe1# 0-1

[Event "EU-ch Online U2300 Final"]
[Site "Chess.com INT"]
[Date "2020.05.26"]
[Round "6"]
[White "Ranaldi, Lucas"]
[Black "Upero, Jussi"]
[Result "1-0"]
[WhiteElo "2353"]
[BlackElo "2176"]
[PlyCount "51"]
[EventDate "2020.05.26"]
[EventType "swiss"]
[EventRounds "8"]
[EventCountry "NET"]
[SourceTitle "CBM 196 Extra"]
[Source "ChessBase"]
[SourceDate "2020.07.31"]
[SourceVersion "1"]
[SourceVersionDate "2020.07.31"]
[SourceQuality "1"]

1. Nf3 d5 2. c4 d4 3. g3 Nc6 4. Bg2 e5 5. d3 Bb4+ 6. Nbd2 a5 7. 0-0 Nf6 8. a3 Be7 9. Qc2 h6 10. e3 dxe3 11. fxe3 0-0 12. Ne1 Ng4 13. Ne4 f5 14. Nc3 Bc5 15. Nd5 f4 16. gxf4 exf4 17. d4 Bf5 18. Qe2 Bxd4 19. exd4 Nxd4 20. Qd1 Qh4 21. h3 f3 22. Nxf3 Nxf3+ 23. Qxf3 Be4 24. Qxg4 Rxf1+ 25. Bxf1 Qe1 26. Bxh6 1-0

[Event "FIN-chT 1920"]
[Site "Finland"]
[Date "2020.02.09"]
[Round "8.2"]
[White "Upero, Jussi"]
[Black "Koykka, Pekka"]
[Result "0-1"]
[WhiteElo "2191"]
[BlackElo "2382"]
[PlyCount "70"]
[EventDate "2019.09.14"]
[EventType "team-tourn"]
[EventRounds "11"]
[EventCountry "FIN"]
[SourceTitle "CBM 195 Extra"]
[Source "ChessBase"]
[SourceDate "2020.05.31"]
[SourceVersion "1"]
[SourceVersionDate "2020.05.31"]
[SourceQuality "1"]
[WhiteTeam "Kotka KymS"]
[BlackTeam "Tampere Tammer"]
[WhiteTeamCountry "FIN"]
[BlackTeamCountry "FIN"]

1. e4 Nc6 2. d4 d5 3. Nc3 dxe4 4. d5 Nb8 5. Bc4 Nf6 6. f3 e5 7. Bg5 Bb4 8. Nge2 exf3 9. gxf3 Bf5 10. Qd2 h6 11. Be3 c6 12. a3 Ba5 13. 0-0-0 cxd5 14. Bxd5 Nxd5 15. Qxd5 Qxd5 16. Nxd5 Nd7 17. Ng3 Bg6 18. Ne4 Bxe4 19. fxe4 Nf8 20. Bc5 Ne6 21. Bd6 f6 22. Rhg1 Rc8 23. Ne7 Rc4 24. Nf5 Rxe4 25. Nxg7+ Kf7 26. Nf5 Rf4 27. Rdf1 Bb6 28. Rxf4 Nxf4 29. Rd1 Rd8 30. c4 Ke6 31. Ng7+ Kf7 32. Nf5 Ne2+ 33. Kc2 Nd4+ 34. Rxd4 Bxd4 35. c5 Ke6 0-1

[Event "FIN-chT 1920"]
[Site "Finland"]
[Date "2019.11.23"]
[Round "5.3"]
[White "Upero, Jussi"]
[Black "Rantanen, Yrjo A"]
[Result "1/2-1/2"]
[WhiteElo "2191"]
[BlackElo "2309"]
[PlyCount "54"]
[EventDate "2019.09.14"]
[EventType "team-tourn"]
[EventRounds "11"]
[EventCountry "FIN"]
[SourceTitle "CBM 194 Extra"]
[Source "ChessBase"]
[SourceDate "2020.03.31"]
[SourceVersion "1"]
[SourceVersionDate "2020.03.31"]
[SourceQuality "1"]
[WhiteTeam "Kotka KymS"]
[BlackTeam "Salo SalSK"]
[WhiteTeamCountry "FIN"]
[BlackTeamCountry "FIN"]

1. e4 e5 2. Nf3 Nc6 3. d4 exd4 4. Nxd4 Bc5 5. Nxc6 Qf6 6. Qf3 bxc6 7. Nd2 d5 8. Nb3 Bd6 9. Bd2 Qxf3 10. gxf3 Nf6 11. 0-0-0 0-0 12. Re1 Re8 13. Bd3 Bd7 14. Bc3 dxe4 15. fxe4 Ng4 16. Reg1 Bf4+ 17. Kb1 Rad8 18. Bxg7 Kxg7 19. h3 h5 20. f3 Be3 21. Rg2 Rh8 22. Re1 Bg5 23. fxg4 hxg4 24. hxg4 Rh3 25. Nd4 Be3 26. Nf5+ Bxf5 27. exf5 Bg5 1/2-1/2

[Event "Hamina We Bastion A"]
[Site "Hamina"]
[Date "2017.09.24"]
[Round "4"]
[White "Upero, Jussi"]
[Black "Jarvenpaa, Jari"]
[Result "1-0"]
[WhiteElo "2142"]
[BlackElo "2273"]
[PlyCount "77"]
[EventDate "2017.09.23"]
[EventType "swiss"]
[EventRounds "5"]
[EventCountry "FIN"]
[SourceTitle "EXT 2022"]
[Source "ChessBase"]
[SourceDate "2021.10.06"]
[SourceVersion "1"]
[SourceVersionDate "2021.10.06"]
[SourceQuality "1"]

1. e4 c6 2. d4 d5 3. e5 c5 4. dxc5 Nc6 5. a3 Nxe5 6. b4 Nf6 7. Bb2 Nc6 8. Nf3 Bg4 9. Bb5 a6 10. Ba4 e6 11. c4 Bxf3 12. Qxf3 Be7 13. Nd2 0-0 14. Rd1 Qc7 15. 0-0 Rfd8 16. Bc2 Rd7 17. cxd5 Rxd5 18. Ne4 Nxe4 19. Bxe4 Rxd1 20. Rxd1 Rd8 21. Re1 Bg5 22. h4 Bh6 23. g3 Rd7 24. Qh5 Qd8 25. Bc1 Qf6 26. Bg5 Qc3 27. Re3 Qd4 28. Kg2 Qb2 29. Bxc6 Bxg5 30. Rxe6 g6 31. Qxg5 bxc6 32. Rxc6 Kg7 33. h5 h6 34. Qf4 g5 35. Qf5 Rd1 36. Rc7 Qb3 37. Qe5+ Kh7 38. Rc8 f6 39. Qe7+ 1-0

[Event "Hamina We Bastion A"]
[Site "Hamina"]
[Date "2017.09.23"]
[Round "2"]
[White "Lonnqvist, Henrik"]
[Black "Upero, Jussi"]
[Result "1/2-1/2"]
[WhiteElo "1997"]
[BlackElo "2142"]
[PlyCount "56"]
[EventDate "2017.09.23"]
[EventType "swiss"]
[EventRounds "5"]
[EventCountry "FIN"]
[SourceTitle "EXT 2022"]
[Source "ChessBase"]
[SourceDate "2021.10.06"]
[SourceVersion "1"]
[SourceVersionDate "2021.10.06"]
[SourceQuality "1"]

1. e4 e5 2. Bc4 Nf6 3. d3 c6 4. Nc3 Be7 5. f4 d5 6. exd5 cxd5 7. Bb5+ Nc6 8. fxe5 Ng4 9. Nf3 d4 10. Bxc6+ bxc6 11. Ne4 Nxe5 12. Nxe5 Qa5+ 13. Bd2 Qxe5 14. 0-0 0-0 15. Bf4 Qd5 16. Qf3 Be6 17. b3 Rad8 18. Rae1 Qf5 19. Qg3 Qg6 20. Qxg6 hxg6 21. Bg5 Bxg5 22. Nxg5 Bd5 23. Re7 Rfe8 24. Rxa7 Re2 25. Rf2 Re1+ 26. Rf1 Re2 27. Rf2 Re1+ 28. Rf1 Re2 1/2-1/2

[Event "Hamina We Bastion A"]
[Site "Hamina"]
[Date "2017.09.23"]
[Round "3"]
[White "Upero, Jussi"]
[Black "Aijala, Jouko"]
[Result "1-0"]
[WhiteElo "2142"]
[BlackElo "2086"]
[PlyCount "59"]
[EventDate "2017.09.23"]
[EventType "swiss"]
[EventRounds "5"]
[EventCountry "FIN"]
[SourceTitle "EXT 2022"]
[Source "ChessBase"]
[SourceDate "2021.10.06"]
[SourceVersion "1"]
[SourceVersionDate "2021.10.06"]
[SourceQuality "1"]

1. e4 c5 2. d4 cxd4 3. c3 dxc3 4. Nxc3 Nc6 5. Nf3 d6 6. Bc4 e6 7. 0-0 Nf6 8. Qe2 a6 9. Rd1 Qc7 10. Bf4 Ne5 11. Bb5+ Bd7 12. Bxd7+ Nfxd7 13. Rac1 Qa5 14. b4 Qxb4 15. Nxe5 dxe5 16. Qd2 Qe7 17. Be3 Qd8 18. Qb2 b5 19. Na4 Rb8 20. Nb6 Rxb6 21. Bxb6 Qxb6 22. Rc8+ Ke7 23. Qd2 Qb7 24. Qc2 Qb6 25. Rc7 Kf6 26. Rdxd7 Kg6 27. Rxf7 Qd4 28. h3 h6 29. Qe2 h5 30. Qf3 1-0

[Event "FIN-chT 1718"]
[Site "Finland"]
[Date "2017.09.16"]
[Round "1.4"]
[White "Upero, Jussi"]
[Black "Kokkila, Tero"]
[Result "0-1"]
[WhiteElo "2142"]
[BlackElo "2293"]
[PlyCount "96"]
[EventDate "2017.09.16"]
[EventType "team-tourn"]
[EventRounds "11"]
[EventCountry "FIN"]
[SourceTitle "CBM 180 Extra"]
[Source "ChessBase"]
[SourceDate "2017.10.06"]
[SourceVersion "1"]
[SourceVersionDate "2017.10.06"]
[SourceQuality "1"]
[WhiteTeam "Kotka KymS"]
[BlackTeam "Vantaa EtVaS"]
[WhiteTeamCountry "FIN"]
[BlackTeamCountry "FIN"]

1. e4 e6 2. d4 d5 3. Nc3 Nf6 4. e5 Nfd7 5. f4 c5 6. Nf3 Nc6 7. Be3 a6 8. Qd2 b5 9. dxc5 Nxc5 10. 0-0-0 b4 11. Ne2 Qc7 12. Kb1 Ne4 13. Qe1 Rb8 14. Nfd4 Bc5 15. Nxc6 Qxc6 16. Bxc5 Qxc5 17. Nd4 0-0 18. h4 a5 19. Rh3 a4 20. Re3 a3 21. b3 Nc3+ 22. Rxc3 Qxc3 23. Qxc3 bxc3 24. Nb5 f6 25. Nxc3 fxe5 26. fxe5 Rb4 27. Be2 Rf5 28. Bf3 Rxe5 29. Kc1 Rxh4 30. Nb5 g5 31. g3 Rh3 32. Nd6 Ba6 33. c4 Rxg3 34. Bh5 Rc3+ 35. Kd2 Rh3 36. Bg4 Rh2+ 37. Kc3 dxc4 38. bxc4 Rh4 39. Rg1 h5 40. Bd1 Kg7 41. Ba4 Rf4 42. Rb1 Re3+ 43. Kb4 h4 44. Kc5 Re5+ 45. Kb6 Bxc4 46. Rc1 Bxa2 47. Rc7+ Kh6 48. Bc2 Rff5 0-1

[Event "Helsinki We EtVaS A"]
[Site "Helsinki"]
[Date "2017.05.07"]
[Round "5"]
[White "Lindholm, Jere"]
[Black "Upero, Jussi"]
[Result "0-1"]
[WhiteElo "2020"]
[BlackElo "2142"]
[PlyCount "86"]
[EventDate "2017.05.05"]
[EventType "swiss"]
[EventRounds "5"]
[EventCountry "FIN"]
[SourceTitle "EXT 2022"]
[Source "ChessBase"]
[SourceDate "2021.10.06"]
[SourceVersion "1"]
[SourceVersionDate "2021.10.06"]
[SourceQuality "1"]

1. e4 e5 2. Nf3 Nc6 3. Bb5 a6 4. Ba4 Nf6 5. 0-0 Be7 6. Re1 b5 7. Bb3 d6 8. c3 0-0 9. h3 Nb8 10. d4 Nbd7 11. Be3 Bb7 12. Nbd2 Nxe4 13. dxe5 Nxe5 14. Nxe4 Bxe4 15. Nxe5 dxe5 16. Qh5 Bd6 17. Bg5 Bg6 18. Bxd8 Bxh5 19. Be7 Rfe8 20. Bxd6 cxd6 21. g4 Bg6 22. Rad1 Red8 23. Rd5 Kf8 24. a4 f6 25. Rd2 bxa4 26. Bxa4 Rab8 27. Bc6 Rb6 28. Bf3 Ke7 29. Ra1 Rdb8 30. Bg2 Bf7 31. Bf1 Rxb2 32. Rxb2 Rxb2 33. Rxa6 Bd5 34. Bg2 Bxg2 35. Kxg2 Rb7 36. c4 Rc7 37. Ra4 Ke6 38. Kf3 g5 39. Ke4 Rxc4+ 40. Rxc4 d5+ 41. Kd3 dxc4+ 42. Kxc4 f5 43. Kd3 f4 0-1

[Event "FIN-chT 1516"]
[Site "Finland"]
[Date "2016.03.13"]
[Round "11.6"]
[White "Upero, Jussi"]
[Black "Rantanen, Yrjo A"]
[Result "0-1"]
[WhiteElo "2149"]
[BlackElo "2295"]
[PlyCount "56"]
[EventDate "2015.09.12"]
[EventType "team-tourn"]
[EventRounds "11"]
[EventCountry "FIN"]
[SourceTitle "EXT 2017"]
[Source "ChessBase"]
[SourceDate "2016.10.25"]
[SourceVersion "1"]
[SourceVersionDate "2016.10.25"]
[SourceQuality "1"]
[WhiteTeam "Kotka KymS"]
[BlackTeam "Salo SalSK"]
[WhiteTeamCountry "FIN"]
[BlackTeamCountry "FIN"]

1. e4 e5 2. Nf3 Nc6 3. Bc4 Bc5 4. 0-0 d6 5. c3 Qf6 6. b4 Bb6 7. a4 a6 8. d3 Nge7 9. Bg5 Qg6 10. Nbd2 Bh3 11. gxh3 h6 12. Nh4 Qxg5+ 13. Ng2 a5 14. b5 Nd8 15. Ra2 Ng6 16. Qg4 Qxg4 17. hxg4 h5 18. gxh5 Rxh5 19. Kh1 Ne6 20. Bxe6 fxe6 21. f4 Ke7 22. Rf3 Rah8 23. Nf1 Rh3 24. Rxh3 Rxh3 25. fxe5 Rxd3 26. exd6+ cxd6 27. Nd2 Rxc3 28. Ne1 Rc1 0-1

[Event "FIN-chT 1516"]
[Site "Finland"]
[Date "2015.09.13"]
[Round "2.7"]
[White "Upero, Jussi"]
[Black "Anttila, Perttu"]
[Result "0-1"]
[WhiteElo "2149"]
[BlackElo "2145"]
[PlyCount "80"]
[EventDate "2015.09.12"]
[EventType "team-tourn"]
[EventRounds "11"]
[EventCountry "FIN"]
[SourceTitle "EXT 2016"]
[Source "ChessBase"]
[SourceDate "2015.10.08"]
[SourceVersion "1"]
[SourceVersionDate "2015.10.08"]
[SourceQuality "1"]
[WhiteTeam "Kotka KymS"]
[BlackTeam "Vantaa EtVaS"]
[WhiteTeamCountry "FIN"]
[BlackTeamCountry "FIN"]

1. d4 f5 2. Bf4 Nf6 3. e3 d6 4. Nf3 g6 5. Nc3 Nh5 6. Bc4 Nxf4 7. exf4 c6 8. Qe2 d5 9. 0-0-0 dxc4 10. d5 Bg7 11. Qxc4 Qa5 12. dxc6 Nxc6 13. Ng5 Rf8 14. Nb5 a6 15. Nd6+ exd6 16. Rxd6 Bd7 17. Qe2+ Ne7 18. Rhd1 Qb5 19. c4 Qxb2+ 20. Qxb2 Bxb2+ 21. Kxb2 0-0-0 22. Re1 Nc6 23. h3 h6 24. Nh7 Rf7 25. Nf6 Na5 26. Kc3 Bc6 27. Rxd8+ Kxd8 28. Nd5 Bxd5 29. cxd5 Re7 30. Rb1 b5 31. f3 Re2 32. Kd4 Rxa2 33. g4 Nc4 34. gxf5 gxf5 35. Rg1 Rd2+ 36. Kc5 Ne3 37. Rg8+ Ke7 38. d6+ Rxd6 39. Rg7+ Kf8 40. Ra7 Re6 0-1

[Event "FIN-chT 1516"]
[Site "Finland"]
[Date "2015.09.12"]
[Round "1.6"]
[White "Issakainen, Ari"]
[Black "Upero, Jussi"]
[Result "1-0"]
[WhiteElo "2154"]
[BlackElo "2149"]
[PlyCount "111"]
[EventDate "2015.09.12"]
[EventType "team-tourn"]
[EventRounds "11"]
[EventCountry "FIN"]
[SourceTitle "EXT 2016"]
[Source "ChessBase"]
[SourceDate "2015.10.08"]
[SourceVersion "1"]
[SourceVersionDate "2015.10.08"]
[SourceQuality "1"]
[WhiteTeam "Helsinki Aatos"]
[BlackTeam "Kotka KymS"]
[WhiteTeamCountry "FIN"]
[BlackTeamCountry "FIN"]

1. d4 Nf6 2. c4 c5 3. d5 b5 4. Nf3 e6 5. Qc2 bxc4 6. e4 exd5 7. exd5 Be7 8. Bxc4 0-0 9. 0-0 d6 10. b3 Nh5 11. Nc3 f5 12. Bb2 Bf6 13. Rfe1 Nd7 14. Nb5 Bxb2 15. Qxb2 Nb6 16. Qd2 a6 17. Nc3 h6 18. Rad1 Qf6 19. Bf1 Bd7 20. a4 Rfb8 21. a5 Nc8 22. Bc4 Ne7 23. g3 Rf8 24. Nh4 Rae8 25. Bxa6 g5 26. Ng2 f4 27. Bb5 Bg4 28. Bxe8 Rxe8 29. Rc1 Rf8 30. Ne4 Qg6 31. Nxc5 Nf5 32. Ne6 Rb8 33. Qc2 Nf6 34. Qc7 Re8 35. Nexf4 gxf4 36. Nxf4 Qg5 37. Rxe8+ Nxe8 38. Ne6 Nxc7 39. Nxg5 Nxd5 40. f3 Nd4 41. Rd1 Nc3 42. Rxd4 Ne2+ 43. Kf2 Nxd4 44. fxg4 hxg5 45. Ke3 Nb5 46. Ke4 Kf7 47. Kd5 Ke7 48. h4 Nc7+ 49. Kc6 d5 50. Kxc7 d4 51. a6 d3 52. a7 d2 53. a8Q d1Q 54. Qe4+ Kf7 55. Qf5+ Ke8 56. Qe6+ 1-0

[Event "FIN-chT1B 0910"]
[Site "Finland"]
[Date "2010.03.20"]
[Round "7.1"]
[White "Upero, Jussi"]
[Black "Luukkonen, Tommi"]
[Result "1-0"]
[WhiteElo "2147"]
[BlackElo "2306"]
[PlyCount "71"]
[EventDate "2009.09.19"]
[EventType "team-tourn"]
[EventRounds "9"]
[EventCountry "FIN"]
[SourceTitle "EXT 2022"]
[Source "ChessBase"]
[SourceDate "2021.10.06"]
[SourceVersion "1"]
[SourceVersionDate "2021.10.06"]
[SourceQuality "1"]
[WhiteTeam "Karhula TS"]
[BlackTeam "Jyvaskyla JyS"]
[WhiteTeamCountry "FIN"]
[BlackTeamCountry "FIN"]

1. e4 e5 2. d4 exd4 3. Qxd4 Nc6 4. Qe3 Nf6 5. Nc3 Bb4 6. Bd2 0-0 7. 0-0-0 Re8 8. Qg3 Rxe4 9. a3 Rg4 10. Qe3 Ba5 11. f3 Rd4 12. Nge2 Rd6 13. Nf4 Nd4 14. Bc4 c6 15. Rhe1 b5 16. Ne4 Bxd2+ 17. Rxd2 Nxe4 18. Qxe4 g6 19. Ba2 Bb7 20. Qe5 Qh4 21. g3 Qf6 22. Qxf6 Rxf6 23. Rxd4 d5 24. Re7 Rb8 25. Re3 c5 26. Rdd3 c4 27. Rd1 Rf5 28. Ne2 a6 29. Nd4 Rh5 30. Rd2 Rd8 31. c3 Kg7 32. Bb1 Bc8 33. Bc2 Rd6 34. Bd1 g5 35. Re5 Kf6 36. f4 1-0

[Event "FIN-chT1B 0910"]
[Site "Finland"]
[Date "2010.01.16"]
[Round "5.2"]
[White "Upero, Jussi"]
[Black "Haapasalo, Jukka Pekka"]
[Result "1/2-1/2"]
[WhiteElo "2147"]
[BlackElo "2130"]
[PlyCount "24"]
[EventDate "2009.09.19"]
[EventType "team-tourn"]
[EventRounds "9"]
[EventCountry "FIN"]
[SourceTitle "EXT 2022"]
[Source "ChessBase"]
[SourceDate "2021.10.06"]
[SourceVersion "1"]
[SourceVersionDate "2021.10.06"]
[SourceQuality "1"]
[WhiteTeam "Karhula TS"]
[BlackTeam "Helsinki KapSK"]
[WhiteTeamCountry "FIN"]
[BlackTeamCountry "FIN"]

1. e4 c5 2. Nc3 Nc6 3. f4 g6 4. Nf3 Bg7 5. Bb5 Nd4 6. Bd3 d6 7. Nxd4 cxd4 8. Ne2 Nf6 9. Nxd4 Nxe4 10. Bxe4 Bxd4 11. c3 Bg7 12. d4 0-0 1/2-1/2